000 nam a22 7a 4500
999 _c10866
_d10866
008 180306b ||||| |||| 00| 0 eng d
100 _aWorld International
_96690
245 _aFlags of the World Sticker Atlas
260 _aSingapore
_bWorld International